| 000 | 00546cam a22002051a 4500 | ||
|---|---|---|---|
| 001 | sa 65007187 | ||
| 003 | DLC | ||
| 005 | 20260227112148.0 | ||
| 008 | 950414q19601969io a 000 1 ind | ||
| 010 | _asa 65007187 | ||
| 025 | _aPL480:Indo-1748 | ||
| 035 | _a(OCoLC)32306022 | ||
| 040 |
_aDLC _cWU _dDLC |
||
| 042 | _apremarc | ||
| 050 | 0 | 0 |
_aPL5089.S83 _bN5 |
| 100 | 0 | _aSutojo M. D. | |
| 245 | 1 | 0 |
_aNjaris hanjut dalam asmara palsu / _c[oleh] Sutojo M.D. |
| 260 |
_aTasikmalaja : _bSwandjaja, _c[196-?] |
||
| 300 |
_a42 p. : _bill. ; _c16 cm. |
||
| 999 |
_c65108 _d65108 |
||